Missing Word: Angels and Devils Quiz Stats

 Plays Quiz Updated Sep 28, 2019

Score 0/14 Timer 02:00
1 Play Today
Hint Missing Word % Correct
The Devil Wears _____Prada
96.9%
Angels & ______Demons
94.9%
Angel ____Falls
91.9%
_____ AngelsHells
91%
______ by an AngelTouched
89.4%
_________ devilTasmanian
85.5%
____ of AngelsCity
84.7%
Hint Missing Word % Correct
____ AngelsBlue
74.9%
New ______
Devils
Jersey
74.4%
_______ for the Devil Sympathy
61.5%
_____ AngelCriss
45.4%
The Devil's ___Own
36%
_____ at the DevilShout
34.4%
Devils _____Tower
33.4%

Today's Daily Dose

Missing Word
Banned Books (A-Z)

Word Ladder
Janis Joplin

Get the Picture
Occupations

You're not logged in!

Compare scores with friends on all Sporcle quizzes.
OR
Log In

Sporcle TV

Today on Sporcle TV


Watch our educational content, quiz creation guides, and fun videos on Sporcle TV.

Show Comments

Extras

Top Quizzes Today


Score Distribution

Your Account Isn't Verified!

In order to create a playlist on Sporcle, you need to verify the email address you used during registration. Go to your Sporcle Settings to finish the process.

Report this User

Report this user for behavior that violates our Community Guidelines.

Details: